UM Logo

A fast ON-state voltage measurement circuit for power devices characterization / (Record no. 19140)

MARC details
000 -LEADER
fixed length control field 00927nam a22002297a 4500
003 - CONTROL NUMBER IDENTIFIER
control field OSt
005 - DATE AND TIME OF LATEST TRANSACTION
control field 20250911153255.0
008 - FIXED-LENGTH DATA ELEMENTS--GENERAL INFORMATION
fixed length control field 240214b ||||| |||| 00| 0 eng d
040 ## - CATALOGING SOURCE
Transcribing agency 0
082 ## - DEWEY DECIMAL CLASSIFICATION NUMBER
Classification number DPer 621.317 Ie21 May 2022 v. 37 n. 5
100 ## - MAIN ENTRY--PERSONAL NAME
Personal name Rossetto, Leopoldo.
Relator term author.
9 (RLIN) 52334
245 ## - TITLE STATEMENT
Title A fast ON-state voltage measurement circuit for power devices characterization /
Statement of responsibility, etc. Leopoldo Rossetto and Giorgio Spiazzi.
260 ## - PUBLICATION, DISTRIBUTION, ETC. (IMPRINT)
Place of publication, distribution, etc. New York ;
Name of publisher, distributor, etc. The Institute of Electrical and Electronics Engineers, Inc. ,
Date of publication, distribution, etc. May 2022.
300 ## - PHYSICAL DESCRIPTION
Extent Volume 37, pages 4926-4930 :
Other physical details illustration ;
Dimensions 28 cm.
500 ## - GENERAL NOTE
General note IEEE Transactions on Power Electronics, v. 37 n. 5, pages 4926-4930, May 2022.
650 #0 - SUBJECT ADDED ENTRY--TOPICAL TERM
Topical term or geographic name as entry element Current measurement.
9 (RLIN) 65721
650 #0 - SUBJECT ADDED ENTRY--TOPICAL TERM
Topical term or geographic name as entry element MOSFET.
9 (RLIN) 65862
650 #0 - SUBJECT ADDED ENTRY--TOPICAL TERM
Topical term or geographic name as entry element Voltage measurement.
9 (RLIN) 65722
700 ## - ADDED ENTRY--PERSONAL NAME
Personal name Rossetto, Leopoldo.
Relator term author.
9 (RLIN) 52334
700 ## - ADDED ENTRY--PERSONAL NAME
Personal name Spiazzi, Giorgio.
Relator term author.
9 (RLIN) 52335
942 ## - ADDED ENTRY ELEMENTS (KOHA)
Source of classification or shelving scheme Dewey Decimal Classification
Koha item type Periodicals
Holdings
Withdrawn status Lost status Source of classification or shelving scheme Damaged status Not for loan Collection code Home library Current library Date acquired Total Checkouts Full call number Date last seen Price effective from Koha item type Public note
    Dewey Decimal Classification     Periodicals UM Digos College - LIC UM Digos College - LIC 02/14/2024   DPer 621.317 Ie21 May 2022 v. 37 n. 5 02/14/2024 02/14/2024 Periodicals Periodical Article